| 000 | 02012nam2a2200349 4500 | ||
|---|---|---|---|
| 001 | rc\2934007 | ||
| 005 | 20260315055331.0 | ||
| 035 | _a(NLR Aleph) 007083239 | ||
| 090 |
_a13597943 _c13597943 |
||
| 100 | _a20110821d1934 u y0rusy50 ca | ||
| 101 | 0 | _arus | |
| 102 | _aRU | ||
| 105 | _aa z ||||| | ||
| 200 | 1 |
_aОтзывчивость сельскохозяйственных растений на известкование в связи с почвенной кислотностью и степенью насыщенность почв основаниями _fКедров-Зихман О.К., Ярусов С.С., Королева Е.М., Кожевникова А.Н., Корчагина В.А., Корабельщикова К.А. |
|
| 210 | _d1934 | ||
| 215 |
_a142, [3] с. _cил. |
||
| 225 | 1 |
_aТруды _fСССР. НКЗ. Акад. с.-х. наук им. В.И. Ленина. Всес. науч.-иссл. ин-т удобрений, агротехники и агропочвоведения им. К.К. Гедройца ... _vВып. 6 |
|
| 300 | _aТит. л. ошибочно: Вып. 5 | ||
| 300 | _aРезюме на нем. яз. | ||
| 320 | _aБиблиогр.: "Использ. лит." (24 назв.) | ||
| 461 | 0 |
_1001rc\2934006 _12001#$aИзвесть$fРед. коллегия: И.Г. Дикусар, О.К. Кедров-Зихман, С.С. Ярусов$v1 _96498463 _cМосква _d1934 _fРед. коллегия: И.Г. Дикусар, О.К. Кедров-Зихман, С.С. Ярусов _nВИУА им. К. К. Гедройца _tИзвесть _v1 |
|
| 700 | 1 |
_aКедров-Зихман _bО.К. _gОскар Карлович |
|
| 701 | 1 |
_aЯрусов _bС.С. |
|
| 701 | 1 |
_aКоролева _bЕ.М. |
|
| 701 | 1 |
_aКожевникова _bА.Н. |
|
| 701 | 1 |
_aКорчагина _bВ.А. |
|
| 701 | 1 |
_aКорабельщикова _bК.А. |
|
| 801 | 0 |
_aRU _bNLR _gpsbo |
|
| 801 | 1 |
_aRU _bELAR _2rusmarc |
|
| 852 |
_aNLR _j33-19/587(6) |
||
| 942 | _cUNSPEC | ||
| 980 | _aNB | ||